000 00992nam a22002417a 4500
003 OSt
005 20260313185925.0
008 260210b |||||||| |||| 00| 0 eng d
040 _c0
082 _aDPer 796.07 J826 January-October 2023 v. 42 n. 1-4
100 _aFlory, Sara B.
_eauthor.
_969629
245 _aExamining the Culturally Responsive Teaching Self-Efficacy in Physical Education Teacher Education Alumni /
_cSara B. Flory, Rebecca C. Wylie, and Craigory V. Nieman.
260 _aUS
_bHuman Kinetics, Inc.
_cJanuary 2023
300 _aVolume 42, pages 60-69 :
_billustration ;
_c29 cm.
500 _aJournal of Teaching in Physical Education, vol. 42 no. 1, pages 60-69, January-October 2023.
650 0 _a Alumni
_969973
650 0 _aCourse Content
_969974
650 0 _aCulturally Relevant Education
_969975
700 _aFlory, Sara B.
_eauthor.
_969629
700 _aWylie, Rebecca C.
_eauthor.
_969630
700 _aNieman, Craigory V.
_eauthor.
_969631
942 _2ddc
_cPER
999 _c24289
_d24289